Storage and Supply of Materials: Inbound logistics for commerce, industry and public undertakings. (Record no. 3007)

MARC details
005 - DATE AND TIME OF LATEST TRANSACTION
control field 20250613144421.0
020 ## - INTERNATIONAL STANDARD BOOK NUMBER
International Standard Book Number 0 273 60323 X
082 ## - DEWEY DECIMAL CLASSIFICATION NUMBER
Classification number T.E.A LECT 658.785 JES
100 ## - MAIN ENTRY--PERSONAL NAME
Author name JESSOP, D.
245 ## - TITLE STATEMENT
Title Storage and Supply of Materials: Inbound logistics for commerce, industry and public undertakings.
250 ## - EDITION STATEMENT
Edition statement 6th Ed.
260 ## - PUBLICATION, DISTRIBUTION, ETC.
Place of publication, distribution, etc. Harlow,
Name of publisher, distributor, etc. Pearson Education Ltd.,
Date of publication, distribution, etc. 1994.
300 ## - PHYSICAL DESCRIPTION
Extent vii, 341p.: ill.; figure, graph, picture.
Other physical details Glossary & Index,
Dimensions 22cm.
700 ## - ADDED ENTRY--PERSONAL NAME
Other authors/Editors MORRISON, A.
856 ## - ELECTRONIC LOCATION AND ACCESS
Link text Access online book
Electronic name Storage and Supply of Materials: Inbound logistics for commerce, industry and public undertakings.
Path http://www.pearsoned.co.uk
942 ## - ADDED ENTRY ELEMENTS (KOHA)
Source of classification or shelving scheme Dewey Decimal Classification
Koha item type Books
Holdings
Date last seen Total checkouts Full call number Barcode Cost, replacement price Price effective from Koha item type Lost status Source of classification or shelving scheme Damaged status Not for loan Withdrawn status Home library Current library Shelving location Date acquired Cost, normal purchase price
06/02/2025   T E A LECT 658.785 JES 00000010624 135000.00 06/02/2025 Books   Dewey Decimal Classification       College of Business Education Main Library College of Business Education Main Library General Collection 11/21/2005 45000.00
06/06/2025   T E A LECT 658.785 JES 00000011331 135000.00 06/06/2025 Books   Dewey Decimal Classification       College of Business Education Main Library College of Business Education Main Library General Collection 11/21/2005 45000.00
06/13/2025   LECT 658.785 JES 00000012982 96000.00 06/13/2025 Books   Dewey Decimal Classification       College of Business Education Main Library College of Business Education Main Library General Collection 09/08/2008 32000.00